000 00607nam a2200193 i 4500
001 66951
003 ES-MaACL
005 20230906165917.0
007 t|
008 040423s2003 sp ||||1| spa d
080 _a378.147.365(460.27El Escorial)(073)
245 0 0 _aCursos de verano 2003
_b: El Escorial : programa-agenda.
260 _a[Madrid] :
_bUniversidad Complutense de Madrid,
_c[2003]
300 _a574 p. ;
_c24 cm.
500 _aTít. tomado de cub.
650 1 4 _aCursos de verano-
_zEl Escorial.
_9170030
710 2 _aUniversidad Complutense de Madrid.
_97098
852 _aES-MaACL
_jL-27427
999 _c66951
_d66951